| Registos Bibliográficos associados ao registo de autoridade |
|
Etiqueta de registo: 00254nam 2200025 450 001 2289204 003 http://id.bnportugal.gov.pt/bib/catbnp/2289204 100 ## $a20260630g16231626m y0pory01030103ba 101 0# $alat 102 ## $aIT 105 ## $ay z 000yy 106 ## $ar 200 1# $aIntroductio in sacram doctrinam$eopus perutile tum ad concionandum, tum ad studia peragenda & Scripturalis, & Scholasticae,
& Moralis, & Canonisticae, & Controuersisticae Theologiae; vt Proemium indicabit...$fAuctore Francisco Pauonio Catacensi Theologo Societatis Iesu 210 #9 $aNeapoli$cex typographia Lazari Scorrigij,$d1623-1626 215 ## $a3 partes em 3 v.$d8º (15 cm) 303 ## $aDescrição do v. 1 segundo bibliogr. 307 ## $aInsígnia da Companhia de Jesus na f. de rosto de cada v. 316 ## $aColeção incompleta, complementada por um v. 1 da ed. de 1628. - Exemplares em mau
estado, com ação de insetos afetando o texto. - Enc. em pergaminho$5PTBN: R. 1940-1941 P. 317 ## $aPert. manuscrito na pasta anterior do v. 3: "Pertençe ao Coll[égi]o da Comp[anhi]a
de Jesu de Coimbra"$5PTBN: R. 1940-1941 P. 321 ## $aIT\ICCU\BVEE\043765 327 11 $a[V. 1]. - 1623. - 544, 14, [2] p. - Assin.: A-Ll//8, A//8. - Contém, com f. de rosto,
paginação e assin. próprias: Paradigmata interpretationum scripturalium, & concionum,
secundum vsum introductionis in sacram doctrinam / editae à Francisco Pauonio Catacensi...
- Neapoli : ex typographia Lazari Scorrigij, 1624. - 14, [2] p. - Assin.: A//8 ; [V.
2]: Introductionis in sacram doctrinam pars secunda : De definitionibus Isagogicis.
Siue De naturali theologia... - 1625. - 1166, [2] p. - Assin.: A-Dddd//8 ; [V. 3]:
Introductionis in sacram doctrinam pars tertia : De canonibus isagogicis. Siue de
sacrae interpretationi ratione... - 1626. - 1671, [1 br.] p. - Assin.: A-Lllll//8,
Mmmmm//12 517 1# $aParadigmata interpretationum scripturalium, et concionum, secundum usum introductionis
in sacram doctrinam 517 1# $aIntroductionis in sacram doctrinam 620 ## $dNápoles 700 #1 $aPavone,$bFrancesco,$f1568-1637,$cS.J.$32002090 702 #1 $aScoriggio,$bLazzaro,$ffl. 1612-1633$4610$3182007 712 02 $aCompanhia de Jesus.$bColégio$c(Coimbra)$4390$3100396 801 #0 $aPT$bBN$gRPC 856 40 $2Cópia digital do v. 1 disponível em Google Books$uhttps://books.google.pt/books?id=kegQFaZcCFYC&hl=pt-PT&pg=PA1#v=onepage&q&f=false 856 40 $2Cópia digital do v. 2 disponível em Google Books$uhttps://books.google.pt/books?id=PxJJJQ9fLJAC&hl=pt-PT&pg=PA1#v=onepage&q&f=false 966 ## $dV. 2$lBN$mFGMON$sR. 1940 P. 966 ## $dV. 3$lBN$mFGMON$sR. 1941 P. 971 ## $cpmesqui$d20260630 997 ## $aBIBEOD
Etiqueta de registo: 00254nam 2200025 450 001 2289197 003 http://id.bnportugal.gov.pt/bib/catbnp/2289197 100 ## $a20260630d1628 m y0pory01030103ba 101 0# $alat 102 ## $aIT 105 ## $ay z 000yy 106 ## $ar 200 1# $aIntroductionis in sacram doctrinam pars prima$eDe methodo, ac summa sacrorum$eSiue De diuina theologia$eOpus perutile tum ad concionandum, tum ad studia peragenda & Scripturalis, & Scholasticae,
& Moralis, & Canonisticae...$fAuctore Francisco Pavonio Catacensi Theologo Societatis Iesu 210 #9 $aNeapoli$cex typographia Lazari Scorigij,$d1628 215 ## $a728 p.$d8º (15 cm) 305 ## $aÚnico v. referenciado desta ed. (cf. bibliografia) 307 ## $aInsígnia da Companhia de Jesus na f. de rosto 307 ## $aAssin.: A-Z//8, Aa-Xx//8, Yy//12 316 ## $aComplementa os vols. 2 e 3 da ed. de 1623-1626. - Exemplar em mau estado, com ação
de insetos afetando o texto. - Enc. em pergaminho$5PTBN: R. 1939 P. 317 ## $aPert. manuscrito na pasta anterior: "Pertençe ao Coll[égi]o da Comp[anhi]a de Jesu
de Coimbra"$5PTBN: R. 1939 P. 321 ## $aICCU IT\ICCU\PUVE\021457 620 ## $dNápoles 700 #1 $aPavone,$bFrancesco,$f1568-1637,$cS.J.$32002090 702 #1 $aScoriggio,$bLazzaro,$ffl. 1612-1633$4610$3182007 712 02 $aCompanhia de Jesus.$bColégio$c(Coimbra)$4390$3100396 801 #0 $aPT$bBN$gRPC 966 ## $lBN$mFGMON$sR. 1939 P. 971 ## $cpmesqui$d20260630 997 ## $aBIBEOD
|
|
|